ARRUPE JESUIT UNIVERSITY

CORONAVIRUS -STOP THE SPREAD - CLEAN,DISINFECT,COVER

The problem of power. (Record no. 120897)

MARC details
000 -LEADER
fixed length control field 00735cam a22002531 4500
001 - CONTROL NUMBER
control field 9779872
003 - CONTROL NUMBER IDENTIFIER
control field ARRUPE
005 - DATE AND TIME OF LATEST TRANSACTION
control field 20140923111700.0
008 - FIXED-LENGTH DATA ELEMENTS--GENERAL INFORMATION
fixed length control field 770618s1952 xx 000 0 eng
010 ## - LIBRARY OF CONGRESS CONTROL NUMBER
LC control number 52012143
015 ## - NATIONAL BIBLIOGRAPHY NUMBER
National bibliography number GB52-3933
035 ## - SYSTEM CONTROL NUMBER
System control number (OCoLC)3051205
040 ## - CATALOGING SOURCE
Original cataloging agency DLC
Transcribing agency OC
Modifying agency Uk
-- DLC
050 00 - LIBRARY OF CONGRESS CALL NUMBER
Classification number HM136
Item number .R28
082 ## - DEWEY DECIMAL CLASSIFICATION NUMBER
Classification number 301.152
300 ## - PHYSICAL DESCRIPTION
Dimensions 19 cm.
100 1# - MAIN ENTRY--PERSONAL NAME
Personal name Radcliffe, Cyril John Radcliffe,
Titles and other words associated with a name Viscount,
Dates associated with a name 1899-1977.
9 (RLIN) 11461
245 14 - TITLE STATEMENT
Title The problem of power.
260 ## - PUBLICATION, DISTRIBUTION, ETC. (IMPRINT)
Place of publication, distribution, etc London,
Name of publisher, distributor, etc Secker and Warburg,
Date of publication, distribution, etc 1952.
300 ## - PHYSICAL DESCRIPTION
Extent 110 p.
490 0# - SERIES STATEMENT
Series statement The Reith memorial lectures,
Volume number/sequential designation 1951
650 #0 - SUBJECT ADDED ENTRY--TOPICAL TERM
Topical term or geographic name as entry element Power (Social sciences)
9 (RLIN) 11462
906 ## - LOCAL DATA ELEMENT F, LDF (RLIN)
a 7
b cbc
c oclcrpl
d u
e ncip
f 19
g y-gencatlg
942 ## - ADDED ENTRY ELEMENTS (KOHA)
Source of classification or shelving scheme Library of Congress Classification
Koha item type Monograph ( Printed materials)
Holdings
Withdrawn status Lost status Source of classification or shelving scheme Damaged status Not for loan Collection code Home library Current library Shelving location Date acquired Total Checkouts Full call number Barcode Date last seen Price effective from Koha item type
    Library of Congress Classification     Main Collection ARRUPE LIBRARY ARRUPE LIBRARY Main Collection 23/09/2014   HM136 .R28 46500000436 30/04/2018 23/09/2014 Monograph ( Printed materials)

 

Arrupe Library. PO Box MP320 Mt Pleasant, Harare, Zimbabwe
263 242 745411|librarian@aju.ac.zw